[Event "56th TCh-DEN Ex 2017-18"]
[Site "Denmark DEN"]
[Date "2018.01.13"]
[Round "5.3"]
[Board "3"]
[White "Rostgaard, Tobias Valentin"]
[Black "Olsen, Filip Boe"]
[Result "1-0"]
[WhiteTitle "FM"]
[BlackTitle "FM"]
[WhiteElo "2335"]
[BlackElo "2267"]
[WhiteTeam "BMS"]
[BlackTeam "Nordre"]
[WhiteFideId "1408801"]
[BlackFideId "1440640"]
[EventDate "2017.11.18"]

1. d4 d5 2. Bf4 Nf6 3. e3 c5 4. Nd2 Nc6 5. Ngf3 cxd4 6. exd4 Bg4 7. h3 Bh5 8. g4
Bg6 9. Bb5 Qb6 10. c4 dxc4 11. a4 a6 12. Nxc4 Qd8 13. Bxc6+ bxc6 14. O-O e6 15.
Nfe5 Be4 16. Rc1 Bb4 17. Nd3 Bxd3 18. Qxd3 h5 19. Qg3 hxg4 20. hxg4 Qd5 21. f3
c5 22. Kg2 Rd8 23. Bc7 Rd7 24. Bd6 Rh6 25. Bf4 Rg6 26. Ne5 Nh5 27. Qh2 Nxf4+ 28.
Qxf4 Rf6 29. Qg5 Rg6 30. Qe3 cxd4 31. Qe4 Qxe4 32. fxe4 Rd8 33. Nxg6 fxg6 34.
Rc6 Ke7 35. Rxa6 Rc8 36. Rb6 Ba5 37. Rb7+ Kd6 38. e5+ Kc6 39. Rb5 Bd2 40. Rf2
Be3 41. Rc2+ Kd7 42. Rxc8 Kxc8 43. Kf3 1-0

[Event "56th TCh-DEN Ex 2017-18"]
[Site "Denmark DEN"]
[Date "2018.01.13"]
[Round "5.3"]
[Board "4"]
[White "Veng, Johnni"]
[Black "Sahl, Bjarke"]
[Result "1/2-1/2"]
[WhiteTitle "FM"]
[BlackTitle "IM"]
[WhiteElo "2255"]
[BlackElo "2333"]
[WhiteTeam "Nordre"]
[BlackTeam "BMS"]
[WhiteFideId "1408623"]
[BlackFideId "1400231"]
[EventDate "2017.11.18"]

1. d4 Nf6 2. Nf3 g6 3. g3 Bg7 4. Bg2 O-O 5. O-O d6 6. c4 Nbd7 7. Qc2 e5 8. Rd1
Re8 9. Nc3 c6 10. b3 Qc7 11. e3 Nf8 12. e4 Bg4 13. d5 cxd5 14. Nxd5 Nxd5 15.
Rxd5 Ne6 16. Be3 a6 17. h3 Bxf3 18. Bxf3 h5 19. Qd2 Nd4 20. Bg2 Rac8 21. h4 Qe7
22. Qd3 Rc5 23. Bh3 Qc7 24. Rb1 a5 25. Kh1 Ra8 26. Bf1 Qd7 27. Qd1 Rac8 28. Rc1
R8c7 29. Qd2 b6 30. Bg2 Kh7 31. Qd1 Rxd5 32. cxd5 Qc8 33. Bf1 Rc5 34. Kg2 Bh6
35. Rc4 Bg7 1/2-1/2

[Event "56th TCh-DEN Ex 2017-18"]
[Site "Denmark DEN"]
[Date "2018.01.13"]
[Round "5.3"]
[Board "5"]
[White "Seegert, Kristian"]
[Black "Sloth, Jorn"]
[Result "0-1"]
[BlackTitle "FM"]
[WhiteElo "2241"]
[BlackElo "2295"]
[WhiteTeam "BMS"]
[BlackTeam "Nordre"]
[WhiteFideId "1405098"]
[BlackFideId "1400240"]
[EventDate "2017.11.18"]

1. e4 e6 2. d4 d5 3. Nc3 Nc6 4. e5 Bd7 5. f4 Nh6 6. Be3 Nf5 7. Bf2 h5 8. Nf3 Be7
9. Bd3 g6 10. a3 a6 11. Qd2 Na7 12. Qe2 Bc6 13. O-O Qd7 14. b3 Bb5 15. Nxb5 Nxb5
16. b4 Nc3 17. Qd2 Qc6 18. Be1 Ne4 19. Qc1 b5 20. c3 O-O 21. Kh1 a5 22. Bxe4
dxe4 23. Nd2 e3 24. Nf3 Qc4 25. Rg1 Ra6 26. Ng5 Bxg5 27. fxg5 Rfa8 28. Qb2 axb4
29. cxb4 Rc6 30. Bg3 Qxd4 31. Qxd4 Nxd4 32. Rgd1 Rc4 33. Rd3 Nc2 34. Rg1 h4 35.
Be1 Rxa3 36. Rd8+ Kg7 37. Rf1 Ra1 0-1

[Event "56th TCh-DEN Ex 2017-18"]
[Site "Denmark DEN"]
[Date "2018.01.13"]
[Round "5.3"]
[Board "6"]
[White "Baekgaard, Martin"]
[Black "Pedersen, Nicolai Kvist Brondt"]
[Result "1/2-1/2"]
[WhiteTitle "FM"]
[WhiteElo "2297"]
[BlackElo "2180"]
[WhiteTeam "Nordre"]
[BlackTeam "BMS"]
[WhiteFideId "1405586"]
[BlackFideId "1413848"]
[EventDate "2017.11.18"]

1. d4 d5 2. c4 c6 3. Nf3 Nf6 4. Nc3 dxc4 5. a4 e6 6. e4 Bb4 7. Qc2 b5 8. Be2 Bb7
9. O-O a6 10. Bg5 h6 11. Bh4 Nbd7 12. Rfd1 Qb6 13. Na2 Be7 14. e5 Nd5 15. Bxe7
Nxe7 16. b3 cxb3 17. Qxb3 Nd5 18. Nd2 Qxd4 19. Nc4 bxc4 20. Qxb7 Qa7 21. Qxc6
O-O 22. Qxc4 Nxe5 23. Qe4 Ng6 24. Bc4 Nge7 25. g3 Rfd8 26. Qe2 a5 27. Rac1 Rac8
28. Qe1 Nb6 29. Rxd8+ Rxd8 30. Bb5 Nbd5 31. Rc4 Rc8 32. Nc1 Rxc4 33. Bxc4 Qc7
34. Bxd5 Nxd5 35. Nb3 Qc3 36. Qxc3 Nxc3 37. Nxa5 Nxa4 38. Kg2 Nc3 39. Kf3 g6 40.
Kf4 f6 41. Ke3 Kf7 42. Kd4 Nd5 43. Nc6 Nc7 44. Kc5 e5 45. Kd6 Ne6 46. Kd5 Ng5
47. Nd8+ Ke8 48. Nc6 Kf7 49. Nd8+ Kg7 50. Ne6+ Kf7 51. Nd8+ Kf8 52. h4 Nh3 53.
Ke6 Kg7 54. Ke7 g5 55. h5 Nxf2 56. Ne6+ Kg8 57. Kxf6 e4 58. Kg6 e3 59. Nd4 Ne4
60. Ne2 Kf8 61. Kf5 Nf2 62. Kg6 Ke7 63. Kf5 Kf7 64. Ke5 Kg7 65. Ke6 Ng4 66. Nd4
Nf6 67. Nf5+ Kh7 68. Nxe3 Nxh5 69. g4 Nf4+ 70. Kf6 Ne2 71. Nd5 Nd4 72. Kf7 Nc2
73. Nf6+ Kh8 74. Kg6 Ne3 75. Kxh6 Nxg4+ 76. Nxg4 Kg8 77. Kg6 1/2-1/2

[Event "56th TCh-DEN Ex 2017-18"]
[Site "Denmark DEN"]
[Date "2018.01.13"]
[Round "5.3"]
[Board "7"]
[White "Jacobsen, Mikkel Manosri"]
[Black "Klitgaard, Thomas"]
[Result "0-1"]
[WhiteTitle "FM"]
[WhiteElo "2162"]
[BlackElo "2195"]
[WhiteTeam "BMS"]
[BlackTeam "Nordre"]
[WhiteFideId "1444514"]
[BlackFideId "1408267"]
[EventDate "2017.11.18"]

1. Nf3 d6 2. d4 Bg4 3. Nbd2 Nf6 4. h3 Bh5 5. c3 c6 6. g4 Bg6 7. Bg2 e6 8. Qb3
Qc7 9. Nh4 d5 10. Nxg6 hxg6 11. c4 Nbd7 12. cxd5 exd5 13. Qc3 Bd6 14. b4 a6 15.
a4 O-O 16. Rb1 Rfe8 17. h4 Nb6 18. h5 Qe7 19. Bf3 gxh5 20. gxh5 Ne4 21. Bxe4
dxe4 22. Nc4 Nd5 23. Qh3 Bxb4+ 24. Kf1 Qe6 25. Qg3 b5 26. Rxb4 bxc4 27. Rg1 Qf6
28. Rxc4 e3 29. h6 g6 30. h7+ Kxh7 31. Ba3 exf2 32. Rh1+ Kg7 33. Bc1 Rh8 34.
Rxh8 Rxh8 35. Qf3 Qxf3 36. exf3 Rh2 37. Rxc6 Nb4 38. Bb2 Nxc6 39. d5+ f6 40.
dxc6 Rh8 41. Bd4 Rc8 0-1

[Event "56th TCh-DEN Ex 2017-18"]
[Site "Denmark DEN"]
[Date "2018.01.13"]
[Round "5.3"]
[Board "8"]
[White "Hoiberg, Nina"]
[Black "Nielsen, Thomas Bach2"]
[Result "0-1"]
[WhiteTitle "WIM"]
[WhiteElo "2148"]
[BlackElo "2146"]
[WhiteTeam "Nordre"]
[BlackTeam "BMS"]
[WhiteFideId "1400720"]
[BlackFideId "1401785"]
[EventDate "2017.11.18"]

1. e4 c6 2. d4 d5 3. exd5 cxd5 4. c4 Nf6 5. Nc3 Nc6 6. Nf3 Bg4 7. cxd5 Nxd5 8.
Qb3 Bxf3 9. gxf3 e6 10. Qxb7 Nxd4 11. Bb5+ Nxb5 12. Qxb5+ Qd7 13. Qxd7+ Kxd7 14.
Nxd5 exd5 15. Be3 Bb4+ 16. Ke2 Rhc8 17. Rac1 a6 18. a3 Bd6 19. Bd4 g6 20. Rc3 h5
21. h3 Rxc3 22. Bxc3 Rc8 23. Rd1 Ke6 24. Rd3 Bc5 25. b4 Bb6 26. Bd4 Bxd4 27.
Rxd4 Ke5 28. Rd3 Rc2+ 29. Ke1 d4 30. Rd2 Rc3 31. Re2+ Kd5 32. Re7 Rxf3 33. Ra7
Rxa3 34. b5 Kc4 35. Rxa6 Rb3 36. Rf6 Kxb5 37. h4 Rh3 38. Rxf7 Rxh4 39. Rg7 Rg4
40. f3 Rg5 41. Ke2 Kc4 42. f4 Rg4 43. Rc7+ Kd5 44. Kf3 Rg1 45. Rd7+ Kc4 46. Rg7
Kd3 47. Kf2 Rg4 48. Kf3 Kd2 49. Rh7 Rg1 50. Kf2 Rh1 51. Rh6 Rh4 52. Kf3 Rg4 53.
f5 gxf5 54. Rxh5 Re4 55. Rxf5 Re3+ 56. Kf2 d3 57. Ra5 Re8 58. Ra2+ Kc1 59. Ra1+
Kb2 60. Ra7 d2 61. Rd7 Kc2 62. Rc7+ Kd1 63. Rh7 Re5 64. Rh8 Re2+ 65. Kf3 Re1 66.
Rc8 Rf1+ 67. Kg2 Rf5 0-1

[Event "56th TCh-DEN Ex 2017-18"]
[Site "Denmark DEN"]
[Date "2018.01.13"]
[Round "5.1"]
[Board "1"]
[White "Matthiesen, Martin"]
[Black "Svane, Rasmus"]
[Result "1-0"]
[WhiteTitle "FM"]
[BlackTitle "GM"]
[WhiteElo "2307"]
[BlackElo "2587"]
[WhiteTeam "SK1968"]
[BlackTeam "Nordea Skanderborg"]
[WhiteFideId "1404067"]
[BlackFideId "4657101"]
[EventDate "2017.11.18"]

1. d4 Nf6 2. c4 e6 3. Nc3 Bb4 4. Qc2 d5 5. cxd5 exd5 6. Bf4 c5 7. dxc5 Ne4 8. e3
Qa5 9. Ne2 O-O 10. a3 Bf5 11. Qc1 Bxc3+ 12. Nxc3 Qxc5 13. Nxe4 Qxc1+ 14. Rxc1
dxe4 15. h3 Nc6 16. g4 Bg6 17. Bg2 Rfe8 18. h4 f6 19. O-O Bf7 20. Rc5 Rad8 21.
g5 fxg5 22. hxg5 a5 23. Rfc1 a4 24. Rb5 Re7 25. g6 Bxg6 26. Bg5 Rde8 27. Bxe7
Rxe7 28. Rc4 Ne5 29. Rc8+ Kf7 30. Rb8 Kf6 31. R5xb7 Nd7 32. Ra8 Bf5 33. Raa7 h5
34. Bf1 1-0

[Event "56th TCh-DEN Ex 2017-18"]
[Site "Denmark DEN"]
[Date "2018.01.13"]
[Round "5.1"]
[Board "2"]
[White "Andersen, Mads"]
[Black "Rewitz, Poul"]
[Result "1-0"]
[WhiteTitle "GM"]
[BlackTitle "FM"]
[WhiteElo "2594"]
[BlackElo "2308"]
[WhiteTeam "Nordea Skanderborg"]
[BlackTeam "SK1968"]
[WhiteFideId "1413864"]
[BlackFideId "1401033"]
[EventDate "2017.11.18"]

1. d4 Nf6 2. c4 g6 3. Nc3 d5 4. cxd5 Nxd5 5. e4 Nxc3 6. bxc3 Bg7 7. Nf3 c5 8.
Be3 O-O 9. Rc1 cxd4 10. cxd4 Qa5+ 11. Qd2 Qxd2+ 12. Nxd2 Nc6 13. Nb3 f5 14. Bc4+
Kh8 15. e5 f4 16. Bd2 Rd8 17. Bc3 Bf5 18. O-O Rac8 19. Bb2 Nb4 20. Nc5 b6 21.
Ne6 Nd3 22. Nxd8 Nxc1 23. Nf7+ Kg8 24. Rxc1 Rxc4 25. Rxc4 Be6 26. Rc7 Kxf7 27.
Rxa7 b5 28. a3 g5 29. Rc7 1-0

[Event "56th TCh-DEN Ex 2017-18"]
[Site "Denmark DEN"]
[Date "2018.01.13"]
[Round "5.1"]
[Board "3"]
[White "Bank, Pelle"]
[Black "Ochsner, Bjorn Moller"]
[Result "0-1"]
[BlackTitle "IM"]
[WhiteElo "2283"]
[BlackElo "2459"]
[WhiteTeam "SK1968"]
[BlackTeam "Nordea Skanderborg"]
[WhiteFideId "1402889"]
[BlackFideId "1416928"]
[EventDate "2017.11.18"]

1. d4 d5 2. Bf4 Nf6 3. Nd2 c5 4. dxc5 Nc6 5. Ngf3 e6 6. e3 Bxc5 7. Be2 O-O 8.
O-O Qe7 9. Bg5 h6 10. Bh4 Rd8 11. c4 dxc4 12. Qc2 g5 13. Nxg5 hxg5 14. Bxg5 Rd5
15. Ne4 Rxg5 16. Nxg5 c3 17. bxc3 Bd7 18. Rab1 b6 19. Kh1 Kg7 20. f4 Rh8 21. Qd2
Be8 22. Rf3 Qc7 23. Rg3 Kf8 24. c4 Rh6 25. Qc3 Ke7 26. Rd1 Na5 27. Bg4 Bc6 28.
Qd3 Nb7 29. Bh3 Qd8 30. Qc2 Qh8 31. e4 Nh7 32. Nf3 Nd6 33. Re1 Nxe4 34. Rxe4
Bxe4 35. Qxe4 Qa1+ 36. Qe1 Qxe1+ 37. Nxe1 Bf2 38. Nd3 Bxg3 39. hxg3 Nf6 40. Ne5
Rh8 41. g4 Rc8 42. g3 Nd7 43. Nxd7 Kxd7 44. Bf1 Rc5 0-1

[Event "56th TCh-DEN Ex 2017-18"]
[Site "Denmark DEN"]
[Date "2018.01.13"]
[Round "5.1"]
[Board "4"]
[White "Semcesen, Daniel"]
[Black "Hansen, Lars"]
[Result "1/2-1/2"]
[WhiteTitle "GM"]
[WhiteElo "2483"]
[BlackElo "2243"]
[WhiteTeam "Nordea Skanderborg"]
[BlackTeam "SK1968"]
[WhiteFideId "1706993"]
[BlackFideId "1402528"]
[EventDate "2017.11.18"]

1. d4 e6 2. c4 b6 3. Nc3 Bb7 4. e4 Bb4 5. f3 f5 6. e5 Ne7 7. a3 Bxc3+ 8. bxc3
O-O 9. Bd3 Ng6 10. Be3 Qh4+ 11. g3 Qe7 12. Nh3 d6 13. exd6 cxd6 14. O-O e5 15.
d5 Nd7 16. Qc2 f4 17. Bd2 Nc5 18. Rae1 Nxd3 19. Qxd3 Qf6 20. c5 bxc5 21. g4 c4
22. Qxc4 Ne7 23. Qc7 Bxd5 24. Nxf4 Rfc8 25. Nxd5 Rxc7 26. Nxf6+ 1/2-1/2

[Event "56th TCh-DEN Ex 2017-18"]
[Site "Denmark DEN"]
[Date "2018.01.13"]
[Round "5.1"]
[Board "5"]
[White "Ramsdal, Jens Albert"]
[Black "Pedersen, Nicolai Vesterbaek"]
[Result "0-1"]
[BlackTitle "IM"]
[WhiteElo "2251"]
[BlackElo "2392"]
[WhiteTeam "SK1968"]
[BlackTeam "Nordea Skanderborg"]
[WhiteFideId "1429221"]
[BlackFideId "1402340"]
[EventDate "2017.11.18"]

1. e4 e5 2. Nf3 Nc6 3. Bb5 Nf6 4. O-O Nxe4 5. d4 Nd6 6. Bxc6 dxc6 7. dxe5 Nf5 8.
Qxd8+ Kxd8 9. Nc3 Bd7 10. Bf4 h6 11. Rad1 Kc8 12. Rd3 Be7 13. g4 Nh4 14. Nxh4
Bxh4 15. h3 Be6 16. b3 Be7 17. Be3 g5 18. Ne4 b6 19. Ng3 Kb7 20. Nf5 Ba3 21. f4
Rag8 22. Nd4 Bc8 23. fxg5 hxg5 24. Kg2 Rh7 25. Rf6 Be7 26. Rxc6 Bd7 27. Rcc3 Bb4
28. Rc4 c5 29. Nf5 Bc6+ 30. Kh2 Be1 31. a4 Rxh3+ 0-1

[Event "56th TCh-DEN Ex 2017-18"]
[Site "Denmark DEN"]
[Date "2018.01.13"]
[Round "5.1"]
[Board "6"]
[White "Hansen, Mads"]
[Black "Heiny, Johannes"]
[Result "1/2-1/2"]
[WhiteTitle "IM"]
[BlackTitle "FM"]
[WhiteElo "2387"]
[BlackElo "2245"]
[WhiteTeam "Nordea Skanderborg"]
[BlackTeam "SK1968"]
[WhiteFideId "1401610"]
[BlackFideId "1616617"]
[EventDate "2017.11.18"]

1. e4 e6 2. Qe2 c5 3. Nf3 Nc6 4. g3 Be7 5. Bg2 d5 6. e5 Nh6 7. d3 Nf5 8. c3 O-O
9. O-O b5 10. g4 Nh4 11. Nxh4 Bxh4 12. Be3 Be7 13. f4 Bb7 14. d4 Qb6 15. Nd2 b4
16. Qf2 cxd4 17. cxd4 Ba6 18. Rfc1 Rfc8 19. f5 Na5 20. g5 Bd3 21. f6 Bf8 22. Bf1
Bg6 23. Be2 b3 24. a3 Rc2 25. Rxc2 bxc2 26. b4 Rc8 27. Rc1 Rc3 28. fxg7 Kxg7 29.
bxa5 Qb2 30. Nf1 Rxe3 31. Rxc2 Bxc2 32. Nxe3 Qc1+ 33. Kg2 Be4+ 34. Bf3 Bxf3+ 35.
Kxf3 Qh1+ 36. Kg3 Be7 37. h4 Qe4 38. a4 Kg6 39. Ng2 Qd3+ 40. Kh2 Kg7 41. Nf4 Qe4
42. Kg3 a6 43. Qd2 Kf8 44. Qc3 h6 45. Nh5 Kg8 46. Nf6+ Bxf6 47. gxf6 h5 48. Qf3
Qxf3+ 49. Kxf3 Kh7 1/2-1/2

[Event "56th TCh-DEN Ex 2017-18"]
[Site "Denmark DEN"]
[Date "2018.01.13"]
[Round "5.1"]
[Board "7"]
[White "Miqueu, Jean-Philippe"]
[Black "Andersen, Jackie"]
[Result "0-1"]
[WhiteElo "2118"]
[BlackElo "2388"]
[WhiteTeam "SK1968"]
[BlackTeam "Nordea Skanderborg"]
[WhiteFideId "642851"]
[BlackFideId "1402650"]
[EventDate "2017.11.18"]

1. e4 g6 2. d4 Bg7 3. Nc3 d6 4. Be3 Nd7 5. Qd2 c6 6. Nf3 e5 7. O-O-O Qe7 8. d5
c5 9. Nb5 Kf8 10. c4 Ngf6 11. Qc2 Ne8 12. Bd3 a6 13. Nc3 Nc7 14. Kb1 Nf6 15. h3
b5 16. cxb5 axb5 17. Nxb5 Nxb5 18. Bxb5 Nxe4 19. g4 Nf6 20. Ka1 e4 21. Nd2 Nxd5
22. Qxe4 Be6 23. Bc4 Ra4 24. Qc2 Qa7 25. Qb3 Nb4 26. Kb1 Nxa2 27. Bxe6 Nb4 28.
Kc1 fxe6 29. Nc4 d5 30. Na3 Kf7 31. Bg5 Re8 32. Rhe1 c4 33. Qf3+ Kg8 34. Bf6
Bxf6 35. Qxf6 Rxa3 36. bxa3 Qxa3+ 37. Qb2 Nd3+ 38. Rxd3 Qxd3 39. Qb6 c3 40. Qe3
Qa6 41. Kd1 Qc4 42. f4 d4 43. Qe4 Rb8 44. Qxe6+ Qxe6 45. Rxe6 d3 46. Kc1 Ra8 47.
Kb1 c2+ 48. Kb2 Rb8+ 0-1

[Event "56th TCh-DEN Ex 2017-18"]
[Site "Denmark DEN"]
[Date "2018.01.13"]
[Round "5.1"]
[Board "8"]
[White "Boe, Mads"]
[Black "Hardlei, Johan"]
[Result "1-0"]
[WhiteTitle "FM"]
[WhiteElo "2297"]
[BlackElo "2188"]
[WhiteTeam "Nordea Skanderborg"]
[BlackTeam "SK1968"]
[WhiteFideId "1401408"]
[BlackFideId "1440489"]
[EventDate "2017.11.18"]

1. d4 Nf6 2. Nf3 g6 3. c3 Bg7 4. Bg5 O-O 5. e3 d6 6. Bd3 Nbd7 7. O-O c6 8. a4
Re8 9. Nbd2 Qc7 10. h3 e5 11. e4 d5 12. dxe5 Nxe4 13. Bxe4 dxe4 14. Nxe4 Nxe5
15. Nf6+ Bxf6 16. Bxf6 Nxf3+ 17. Qxf3 Re6 18. Rfe1 Qd6 19. Red1 Qf8 20. a5 h5
21. Ra4 Re8 22. Rf4 Be6 23. b4 Bd5 24. Qg3 Re6 25. Bd4 Rae8 26. Bxa7 Re1+ 27.
Rxe1 Rxe1+ 28. Kh2 Qa8 29. Bd4 Kh7 30. Rh4 Qf8 31. Qg5 Qd6+ 32. Qf4 Qxf4+ 33.
Rxf4 f5 34. Be3 Be4 35. h4 Re2 36. Kg3 Kg8 37. Bc5 Rc2 38. Bd4 Kf7 39. f3 Bd3
40. Be3 Rxc3 41. Rd4 Bc4 42. Bd2 Rd3 43. Rxc4 Rxd2 44. b5 cxb5 45. Rc7+ Kf6 46.
Rxb7 Rb2 47. Rb6+ Kf7 48. Kf4 Rxg2 49. Rxb5 Ra2 50. Kg5 Ra3 51. f4 Ra4 52. Rb7+
Ke6 53. Rb6+ Kf7 54. a6 Ra2 55. Rf6+ Ke7 56. Rxg6 Ra5 57. Kxh5 Kf7 58. Rb6 Ra4
59. Kg5 Ra5 60. h5 Kg7 61. Rb7+ 1-0

[Event "56th TCh-DEN Ex 2017-18"]
[Site "Denmark DEN"]
[Date "2018.01.13"]
[Round "5.2"]
[Board "1"]
[White "Hillarp Persson, Tiger"]
[Black "Jahncke, Giso"]
[Result "1/2-1/2"]
[WhiteTitle "GM"]
[BlackTitle "FM"]
[WhiteElo "2531"]
[BlackElo "2352"]
[WhiteTeam "Bronshoj"]
[BlackTeam "BOV"]
[WhiteFideId "1700812"]
[BlackFideId "24608289"]
[EventDate "2017.11.18"]

1. c4 c5 2. g3 g6 3. Bg2 Bg7 4. Nc3 Nc6 5. Nf3 e6 6. d3 Nge7 7. h4 h6 8. Bd2 b6
9. O-O O-O 10. a3 d5 11. cxd5 exd5 12. b4 cxb4 13. axb4 Nxb4 14. Qc1 Kh7 15. Rb1
a5 16. Nb5 Nec6 17. Bf4 Bg4 18. Qd2 1/2-1/2

[Event "56th TCh-DEN Ex 2017-18"]
[Site "Denmark DEN"]
[Date "2018.01.13"]
[Round "5.2"]
[Board "2"]
[White "Xu, Xianliang"]
[Black "Aabling-Thomsen, Jakob"]
[Result "0-1"]
[WhiteTitle "FM"]
[BlackTitle "IM"]
[WhiteElo "2397"]
[BlackElo "2360"]
[WhiteTeam "BOV"]
[BlackTeam "Bronshoj"]
[WhiteFideId "4603230"]
[BlackFideId "1407589"]
[EventDate "2017.11.18"]

1. e4 d6 2. d4 Nf6 3. Nc3 g6 4. Be3 c6 5. f3 Nbd7 6. Qd2 b5 7. d5 b4 8. dxc6
bxc3 9. cxd7+ Bxd7 10. Qxc3 Bg7 11. Ne2 O-O 12. Qd2 Rb8 13. Rb1 Be6 14. b3 d5
15. e5 Nd7 16. f4 Qc7 17. Nd4 Nc5 18. Bd3 f6 19. exf6 Rxf6 20. O-O Bd7 21. Rbc1
Rbf8 22. c4 Nxd3 23. Qxd3 dxc4 24. Rxc4 Qd6 25. Rd1 R6f7 26. Qc2 Bg4 27. Nf3 Qb8
28. Rf1 Bxf3 29. Rxf3 e5 30. Qf2 Qb7 31. fxe5 Rxf3 32. gxf3 Rxf3 33. Qg2 Bxe5
34. Rc8+ Kg7 35. Rc5 Qe4 36. Bf2 Qb1+ 37. Qf1 Qxf1+ 38. Kxf1 Rxf2+ 39. Ke1 Rf5
40. Ke2 Bxh2 41. Rc6 h5 42. a4 h4 43. Ke3 Bg1+ 0-1

[Event "56th TCh-DEN Ex 2017-18"]
[Site "Denmark DEN"]
[Date "2018.01.13"]
[Round "5.2"]
[Board "3"]
[White "Pilgaard, Kim"]
[Black "Schwarz, Frank"]
[Result "1-0"]
[WhiteTitle "IM"]
[WhiteElo "2381"]
[BlackElo "2237"]
[WhiteTeam "Bronshoj"]
[BlackTeam "BOV"]
[WhiteFideId "1400657"]
[BlackFideId "4658035"]
[EventDate "2017.11.18"]

1. d4 Nf6 2. c4 e6 3. Nc3 d5 4. cxd5 exd5 5. Bg5 c6 6. e3 Bf5 7. Qf3 Bg6 8. Bxf6
gxf6 9. h4 Qb6 10. O-O-O Bb4 11. Nge2 h5 12. Qxf6 Rg8 13. e4 Nd7 14. Qg5 Be7 15.
Qf4 Nf6 16. f3 dxe4 17. fxe4 Ng4 18. g3 Bf8 19. Kb1 Bh6 20. Qf3 Ne3 21. Bh3 Nc4
22. b3 Nd2+ 23. Rxd2 Bxd2 24. Rd1 Bh6 25. Nf4 Bg7 26. Nxg6 fxg6 27. e5 Rd8 28.
Qd3 c5 29. d5 Rf8 30. d6 Rd7 31. Qxg6+ Kd8 32. Qg5+ Bf6 33. exf6 Rdf7 34. Qe5 1-0

[Event "56th TCh-DEN Ex 2017-18"]
[Site "Denmark DEN"]
[Date "2018.01.13"]
[Round "5.2"]
[Board "4"]
[White "Light, Bjarne"]
[Black "Hoi, Carsten"]
[Result "0-1"]
[BlackTitle "GM"]
[WhiteElo "2234"]
[BlackElo "2354"]
[WhiteTeam "BOV"]
[BlackTeam "Bronshoj"]
[WhiteFideId "1401360"]
[BlackFideId "1400100"]
[EventDate "2017.11.18"]

1. d4 c5 2. d5 e5 3. dxe6 fxe6 4. c4 Nf6 5. Nf3 Nc6 6. Nc3 d5 7. Bg5 d4 8. Ne4
Be7 9. Ned2 O-O 10. g3 e5 11. Bxf6 gxf6 12. Bg2 f5 13. O-O e4 14. Ne1 Be6 15. f3
e3 16. Nb3 Ne5 17. Nd3 Nxd3 18. Qxd3 f4 19. Nc1 Bd6 20. Qe4 Qd7 21. g4 Bxc4 22.
b4 b6 23. Rd1 Qe7 24. Qc2 Be6 25. Nb3 Rac8 26. bxc5 bxc5 27. Rac1 Qf7 28. Kh1 a5
29. Rb1 a4 30. Nc1 Qd7 31. Rb6 Rb8 32. Ra6 Ra8 33. Rxa8 Rxa8 34. g5 Kg7 35. Nd3
Rc8 36. Nb2 Ra8 37. Nc4 Bc7 38. a3 Qd5 39. Rc1 Rb8 40. Qxa4 Qxc4 0-1

[Event "56th TCh-DEN Ex 2017-18"]
[Site "Denmark DEN"]
[Date "2018.01.13"]
[Round "5.2"]
[Board "5"]
[White "Palm, Nikolaj"]
[Black "Junge, Kai"]
[Result "1/2-1/2"]
[WhiteTitle "FM"]
[WhiteElo "2319"]
[BlackElo "2212"]
[WhiteTeam "Bronshoj"]
[BlackTeam "BOV"]
[WhiteFideId "1402145"]
[BlackFideId "4605454"]
[EventDate "2017.11.18"]

1. d4 Nf6 2. Nf3 g6 3. b3 Bg7 4. Bb2 O-O 5. Nbd2 d5 6. e3 Bf5 7. Nh4 Bg4 8. f3
Bc8 9. g3 c5 10. f4 Nc6 11. c3 Qb6 12. a3 Re8 13. Qf3 Bg4 14. Qf2 Be6 15. Bg2
Rad8 16. O-O Bc8 17. h3 e6 18. g4 Rf8 19. Rab1 cxd4 20. cxd4 Bd7 21. g5 Ne8 22.
Nhf3 Nd6 23. Ne5 Nf5 24. Ng4 Nb8 25. a4 Nc6 26. h4 Nb4 27. Ba3 Rfe8 28. Bxb4
Qxb4 29. Nf3 Rc8 30. Nfe5 Red8 31. Nd3 Qe7 32. Rfc1 1/2-1/2

[Event "56th TCh-DEN Ex 2017-18"]
[Site "Denmark DEN"]
[Date "2018.01.13"]
[Round "5.2"]
[Board "6"]
[White "Schuette, Andreas"]
[Black "Laursen, Niels Norskov"]
[Result "1/2-1/2"]
[BlackTitle "FM"]
[WhiteElo "2152"]
[BlackElo "2304"]
[WhiteTeam "BOV"]
[BlackTeam "Bronshoj"]
[WhiteFideId "4639790"]
[BlackFideId "1404709"]
[EventDate "2017.11.18"]

1. d4 d6 2. e4 Nf6 3. Nc3 g6 4. f4 Bg7 5. Nf3 O-O 6. e5 Nfd7 7. Bc4 Nb6 8. Bb3
Nc6 9. Be3 Na5 10. Qe2 Nxb3 11. axb3 c6 12. O-O f6 13. Rad1 Be6 14. Qf2 Nd5 15.
exd6 Qxd6 16. Rde1 Rad8 17. Bc1 Rfe8 18. Qe2 Bc8 19. Nxd5 cxd5 20. h3 Bf5 21. c3
Qb6 22. Qd1 Qb5 23. Rf2 Bd3 24. b4 Rd6 25. Re3 Bf5 26. Re1 Bd3 27. Re3 Bf5 28.
Re1 Bd3 1/2-1/2

[Event "56th TCh-DEN Ex 2017-18"]
[Site "Denmark DEN"]
[Date "2018.01.13"]
[Round "5.2"]
[Board "7"]
[White "Greger, Roland Reinhard"]
[Black "Prien, Thore"]
[Result "1-0"]
[WhiteElo "2298"]
[BlackElo "2234"]
[WhiteTeam "Bronshoj"]
[BlackTeam "BOV"]
[WhiteFideId "1401530"]
[BlackFideId "1439871"]
[EventDate "2017.11.18"]

1. e4 e6 2. d3 d5 3. Nd2 Nf6 4. Ngf3 Bc5 5. e5 Nfd7 6. d4 Bb6 7. Nb3 f6 8. Bd3
c5 9. dxc5 Nxc5 10. Nxc5 Bxc5 11. exf6 gxf6 12. Nh4 Nc6 13. Qh5+ Kd7 14. Be3 Bd6
15. f4 Kc7 16. c4 Bb4+ 17. Kf2 d4 18. Bc1 Bd7 19. a3 Be7 20. Re1 Rc8 21. b4 Kb8
22. Bd2 f5 23. Nf3 Bf6 24. b5 Na5 25. Bxa5 Qxa5 26. Qf7 Qd8 27. Qh5 Qc7 28. Ne5
Bxe5 29. Rxe5 Rcg8 30. g3 Qa5 31. Qe2 h5 32. h4 Rg6 33. Qb2 Rhg8 34. Rg1 Bc8 35.
Qxd4 Rd8 36. Qe3 Qxa3 37. Be2 Qb2 38. Rc1 Rdg8 39. Qc3 Qa2 40. Re3 Rd8 41. Qe5+
Ka8 42. Ra1 Qc2 43. Qc7 Rgg8 44. Rxa7+ Kxa7 45. Ra3+ Qa4 46. Rxa4# 1-0

[Event "56th TCh-DEN Ex 2017-18"]
[Site "Denmark DEN"]
[Date "2018.01.13"]
[Round "5.2"]
[Board "8"]
[White "Svane, Henrik"]
[Black "Skousen, Nikolai"]
[Result "1/2-1/2"]
[BlackTitle "FM"]
[WhiteElo "2084"]
[BlackElo "2203"]
[WhiteTeam "BOV"]
[BlackTeam "Bronshoj"]
[WhiteFideId "1403192"]
[BlackFideId "1401432"]
[EventDate "2017.11.18"]

1. d4 Nf6 2. c4 g6 3. Nc3 Bg7 4. e4 d6 5. f4 O-O 6. Nf3 c5 7. d5 b5 8. cxb5 a6
9. a4 axb5 10. Bxb5 Ba6 11. Qe2 e6 12. dxe6 fxe6 13. Bxa6 Rxa6 14. O-O Qb6 15.
Kh1 1/2-1/2